00333nam a2200109Ia 4500008004100000082001500041100002100056245002500077260003900102630001800141650006400159211109s9999||||xx |||||||||||||| ||und|| a823bOLS-T aOlsen, Oluf Reed 0aTwo Eggs on My Plate bNATIONAL BOOKSTALLaKottayamc1980 xGENERAL STACK aEnglish LiteraturevEnglish FictionxEnglish NovelGeneralia